000 00740nam a2200253Ia 4500
003 OSt
005 20220918202617.0
006 a|||||r|||| 00| 0
007 ta
008 220917b |||||||| |||| 00| 0 eng d
024 _a102,540
037 _cTextual
040 _aARTS
_cARTS
_beng
041 _2eng
_aeng
082 _aV253.G00<--C449, L7
100 _aSinha Bindeshwari Prasad
_9104597
245 0 _aDynastic history of Magadha 450--1200 A D
260 _aNew Delhi
_bAbhinav
_c1977
300 _axii, 275p.
_ccm.
500 _aAppendix 245--246 (1A-1B); Bibliography p251--259
650 _aHISTORY
942 _hV253.G00<--C449, L7
_cTEXL
_2CC
999 _c225994
_d225994